000 00463cam a22001814a 4500
005 20250605163559.0
008 250528s ||||||||||||||||||||||||d
035 _a22124
020 _a9789605123536
040 _aGR-AtMCL
_bgre
_dGR-AtMCL
_eAACR2
245 1 _aADOBE PHOTOSHOP 7 ΒΗΜΑ ΠΡΟΣ ΒΗΜΑ
250 _a1
260 _bΓκιουρδας
_bΣυλλογικο,
_c2002
300 _a579
942 _cBK
999 _c7180
_d7180